[Event "4th Alicante it"]
[Site "Alicante ESP"]
[Date "1977.??.??"]
[Round "9"]
[White "Keene, Raymond Dennis"]
[WhiteElo "2510"]
[Black "Garcia Padron, Jose"]
[BlackElo "2425"]
[Result "1/2-1/2"]
[EventDate "1977.01.03"]
[PlyCount "90"]

1.c4 Nf6 2.Nc3 c5 3.Nf3 b6 4.e3 g6 5.d4 Bg7 6.Be2 O-O 7.O-O Bb7 8.d5 d6 9.
e4 e6 10.Bf4 exd5 11.exd5 Na6 12.Nd2 Re8 13.Bf3 Nc7 14.Nde4 Nxe4 15.Nxe4 
Be5 16.Qd2 b5 17.b3 Ba6 18.Rac1 Rb8 19.Rc2 bxc4 20.bxc4 Rb4 21.Rfc1 Qe7 
22.h3 Na8 23.Bxe5 Qxe5 24.Re1 Kg7 25.Rcc1 Qd4 26.Qxd4+ cxd4 27.Nxd6 Rxe1+ 
28.Rxe1 d3 29.Rd1 Nb6 30.Rxd3 Nxc4 31.Nxc4 Bxc4 32.Rd2 Kf8 33.Kh2 Rb6 34.
Rc2 Rb4 35.a3 Ra4 36.Bd1 Ba6 37.Rc7 Rxa3 38.Rxa7 Ra2 39.d6 Bc4 40.Rc7 Rd2 
41.Rc8+ Kg7 42.Bg4 Bb5 43.Rb8 Ba4 44.Rb4 Bd1 45.Bxd1 Rxd1 1/2-1/2

[Event "4th Alicante it"]
[Site "Alicante ESP"]
[Date "1977.??.??"]
[Round "9"]
[White "Martin Gonzalez, Angel"]
[WhiteElo "2340"]
[Black "Eslon, Jaan"]
[BlackElo "2385"]
[Result "1/2-1/2"]
[EventDate "1977.01.03"]
[PlyCount "55"]

1.e4 e5 2.Nf3 Nc6 3.Bb5 Nf6 4.O-O Nxe4 5.d4 Nd6 6.Bxc6 dxc6 7.dxe5 Nf5 8.
Qxd8+ Kxd8 9.Nc3 h6 10.Rd1+ Ke8 11.Ne2 g5 12.b3 Be6 13.Bb2 Rd8 14.h3 Be7 
15.g4 Ng7 16.Nfd4 h5 17.Nxe6 Rxd1+ 18.Rxd1 Nxe6 19.Kg2 hxg4 20.hxg4 Bc5 
21.Ng3 Nf4+ 22.Kf3 Rh2 23.Ne4 Rh3+ 24.Ng3 Rh2 25.Rd2 Bb4 26.Rd1 Bc5 27.Rd2
Bb4 28.Rd1 1/2-1/2

[Event "4th Alicante it"]
[Site "Alicante ESP"]
[Date "1977.??.??"]
[Round "9"]
[White "Piasetski, Leon David"]
[WhiteElo "2395"]
[Black "Rodriguez Vargas, Orestes"]
[BlackElo "2450"]
[Result "1-0"]
[EventDate "1977.01.03"]
[PlyCount "115"]

1.d4 Nf6 2.c4 e6 3.Nf3 c5 4.e3 d5 5.Nc3 Nc6 6.a3 a6 7.Bd3 dxc4 8.Bxc4 b5 
9.Ba2 Bb7 10.O-O Be7 11.dxc5 Bxc5 12.Qxd8+ Rxd8 13.Bb1 Ke7 14.Ne4 Nxe4 15.
Bxe4 f5 16.Bc2 Bd6 17.b4 Ne5 18.Nd4 Nc4 19.a4 bxa4 20.b5 axb5 21.Nxb5 Bc6 
22.Na7 Bd5 23.e4 fxe4 24.Bg5+ Kf7 25.Bxd8 Rxd8 26.Rxa4 Bc5 27.Nc6 Rc8 28.
Rxc4 Rxc6 29.Ra4 Bd4 30.Bxe4 Bxe4 31.Rxd4 Bf5 32.f3 g5 33.Rd7+ Kf6 34.Rfd1
Rc2 35.R1d2 Rc5 36.Kf2 Rc1 37.Ra7 Rh1 38.h3 Rc1 39.Rdd7 Bg6 40.Rac7 Rb1 
41.Rb7 Rc1 42.Rbc7 Rb1 43.Rc8 Rb2+ 44.Kg1 Bf5 45.Rf8+ Kg6 46.Rff7 h6 47.
Rh7 h5 48.Rdg7+ Kf6 49.Rf7+ Kg6 50.Rhg7+ Kh6 51.Rg8 g4 52.fxg4 hxg4 53.
hxg4 Be4 54.Rf2 Rb1+ 55.Kh2 Bg6 56.Rgf8 Re1 57.Rd8 Kh7 58.Kg3 1-0

[Event "4th Alicante it"]
[Site "Alicante ESP"]
[Date "1977.??.??"]
[Round "9"]
[White "Robatsch, Karl"]
[WhiteElo "2435"]
[Black "Sanz Alonso, Francisco Javier"]
[BlackElo "2350"]
[Result "1/2-1/2"]
[EventDate "1977.01.03"]
[PlyCount "23"]

1.c4 c5 2.Nf3 Nf6 3.Nc3 d5 4.cxd5 Nxd5 5.g3 Nc6 6.Bg2 Nc7 7.O-O e5 8.b3 
Be7 9.Bb2 Bd7 10.Rc1 b6 11.e3 f5 12.d4 1/2-1/2

[Event "4th Alicante it"]
[Site "Alicante ESP"]
[Date "1977.??.??"]
[Round "10"]
[White "Garcia Padron, Jose"]
[WhiteElo "2425"]
[Black "Piasetski, Leon David"]
[BlackElo "2395"]
[Result "1/2-1/2"]
[EventDate "1977.01.03"]
[PlyCount "83"]

1.c4 b6 2.Nf3 Bb7 3.g3 g6 4.Bg2 Bg7 5.O-O Nf6 6.Nc3 c5 7.d4 Ne4 8.Nxe4 
Bxe4 9.e3 O-O 10.d5 b5 11.cxb5 a6 12.bxa6 Rxa6 13.Nd2 Bxg2 14.Kxg2 d6 15.
Qe2 Qb6 16.Nc4 Qb5 17.Qc2 Nd7 18.a4 Qb7 19.e4 Nb6 20.Bd2 Rfa8 21.Qb3 Qb8 
22.a5 Nxc4 23.Qxc4 Qxb2 24.Ra2 Qb7 25.Bc3 Bxc3 26.Qxc3 Rb8 27.Rfa1 Qb3 28.
Qxb3 Rxb3 29.Ra3 Rb4 30.Ra4 Rb2 31.R1a2 Rb1 32.R4a3 Rb7 33.Kf3 Kf8 34.Ke3 
Ke8 35.Kd3 Kd7 36.Kc3 Kc7 37.g4 Rb4 38.Ra4 Rb1 39.Rb2 Rxb2 40.Kxb2 Ra7 41.
g5 Rb7+ 42.Kc2 1/2-1/2

[Event "4th Alicante it"]
[Site "Alicante ESP"]
[Date "1977.??.??"]
[Round "10"]
[White "Hernandez Onna, Roman"]
[WhiteElo "2435"]
[Black "Martin Gonzalez, Angel"]
[BlackElo "2340"]
[Result "1/2-1/2"]
[EventDate "1977.01.03"]
[PlyCount "26"]

1.d4 Nf6 2.c4 e6 3.Nf3 b6 4.g3 Bb7 5.Bg2 Bb4+ 6.Bd2 Bxd2+ 7.Nbxd2 O-O 8.
O-O Ne4 9.Nxe4 Bxe4 10.Ne1 Bxg2 11.Nxg2 d6 12.Qa4 Qd7 13.Qxd7 Nxd7 1/2-1/2

[Event "4th Alicante it"]
[Site "Alicante ESP"]
[Date "1977.??.??"]
[Round "10"]
[White "Sanz Alonso, Francisco Javier"]
[WhiteElo "2350"]
[Black "Pomar Salamanca, Arturo"]
[BlackElo "2435"]
[Result "1/2-1/2"]
[EventDate "1977.01.03"]
[PlyCount "20"]

1.Nf3 Nf6 2.g3 d5 3.Bg2 e6 4.O-O Be7 5.c4 O-O 6.d4 Nbd7 7.b3 b6 8.cxd5 
exd5 9.Nc3 Bb7 10.Bb2 Ne4 1/2-1/2

[Event "4th Alicante it"]
[Site "Alicante ESP"]
[Date "1977.??.??"]
[Round "11"]
[White "Martin Gonzalez, Angel"]
[WhiteElo "2340"]
[Black "Rodriguez Vargas, Orestes"]
[BlackElo "2450"]
[Result "1/2-1/2"]
[EventDate "1977.01.03"]
[PlyCount "42"]

1.e4 e5 2.Nf3 Nc6 3.Nc3 Nf6 4.Bb5 Bb4 5.O-O O-O 6.d3 d6 7.Bg5 Bxc3 8.bxc3 
Qe7 9.Bxc6 bxc6 10.Nd2 h6 11.Bh4 g5 12.Bg3 Be6 13.d4 Nd7 14.Re1 f6 15.Nf1 
Nb6 16.Ne3 Nc4 17.Qd3 Nxe3 18.Qxe3 Rfb8 19.Qc1 Rb5 20.Qa3 Qd8 21.Reb1 Qb8 
1/2-1/2

[Event "4th Alicante it"]
[Site "Alicante ESP"]
[Date "1977.??.??"]
[Round "11"]
[White "Piasetski, Leon David"]
[WhiteElo "2395"]
[Black "Robatsch, Karl"]
[BlackElo "2435"]
[Result "1/2-1/2"]
[EventDate "1977.01.03"]
[PlyCount "20"]

1.b3 e5 2.Bb2 d6 3.e3 Nd7 4.c4 g6 5.Nf3 Bg7 6.Be2 Ngf6 7.O-O O-O 8.d3 b6 
9.Nbd2 Bb7 10.b4 Qe7 1/2-1/2

[Event "4th Alicante it"]
[Site "Alicante ESP"]
[Date "1977.??.??"]
[Round "11"]
[White "Pomar Salamanca, Arturo"]
[WhiteElo "2435"]
[Black "Eslon, Jaan"]
[BlackElo "2385"]
[Result "1/2-1/2"]
[EventDate "1977.01.03"]
[PlyCount "34"]

1.d4 Nf6 2.c4 e6 3.Nc3 Bb4 4.Nf3 b6 5.e3 Bb7 6.Bd3 Ne4 7.Qc2 f5 8.O-O Bxc3
9.bxc3 O-O 10.a4 a5 11.Nd2 Qh4 12.f3 Nxd2 13.Bxd2 d6 14.e4 fxe4 15.Bxe4 
Bxe4 16.Qxe4 Qxe4 17.fxe4 Nd7 1/2-1/2